EA FC24 All Gold Sweden Players - Statistics

General Stats
  • This quiz has been taken 23 times
  • The average score is 7 of 12
Answer Stats
Rate Club Answer % Correct
81 Newcastle Alexander Isak
100%
81 Spurs Dejan Kulusevski
95%
80 Man United Victor Lindelof
89%
75 Aston Villa Robin Olsen
74%
80 NYRB Emil Forsberg
58%
76 Wolfsburg Mattias Svanberg
53%
75 Sporting Viktor Gyokeres
53%
75 Antalyaspor Sam Larsson
42%
75 Atalanta Isak Hien
37%
77 Bologna Jesper Karlsson
32%
77 Copenhagen Viktor Claesson
21%
76 Anderlecht Ludwig Augustinsson
11%
No matching quizzes found
Score Distribution
Percent of People with Each Score
Percentile by Number Answered
Your Score History
You have not taken this quiz